Statistiken für Alle Pokémon von "Maike"

Klicken Sie hier um das Quiz zu spielen!

Allgemein

  • Dieses Quiz wurde 7 mal gespielt
  • Das Durchschnittsergebnis liegt bei 11 aus 18

Antwortstatistiken

Attacken
(falls bekannt)
Pokémon% Korrekt
Glut / Schnabel
Ruckzuckhieb
Flemmli
100%
Himmelhieb / Feuerwirbel
Megakick
Jungglut
100%
TackleBisasam
83%
Flammenwurf / Hitzekoller
Feuerfeger
Lohgock
83%
Windstoß / Silberhauch
Morgengrauen / Psychokinese
Aero - Ass
Papinella
83%
Blättertanz / RasierblattBisaflor
67%
RankenhiebBisaknosp
67%
Tackle / Schaufler
Spukball / Geheimpower
Evoli
67%
Eisstrahl / Eissplitter
Eisenschweif / Spiegelcape
Glaziola
67%
Tackle / FadenschussWaumpel
67%
Tackle / Blizzard
Zuschuss / Duplexhieb
Eneco
50%
Tackle / Metronom
Solaratrahl / Power - Punch
Mampfaxo
50%
HärtnerSchaloko
50%
Blubber / Tackle
Aquaknarre
Schiggy
50%
Eisstrahl / Turbodreher
Panzerschutz / Nassschweif
Schillok
50%
StatustauschManaphy
33%
Kometenhieb / Tempohieb
Agilität / Power - Punch
Himmelsfeger
Nockchan
17%
GesangWablu
17%

Verteilung der Resultate

Perzentil nach korrekt beantworteten Fragen

Anzahl Personen mit jedem Resultat

Ihre Resultats-Entwicklung

Sie haben dieses Quiz noch nicht gespielt